Ч. 2: Синтаксис; Грамматика русского языка в упражнениях и комментариях

Bibliografiske detaljer
Parent link:Грамматика русского языка в упражнениях и комментариях: в 2 ч./ О. И. Глазунова. Ч. 2: Синтаксис.— , 2011-
Summary:Вторая часть пособия «Грамматика русского языка в упражнениях и комментариях» того же автора. Специально разработанные упражнения, представленные в сборнике, помогут учащимся понять, как строятся в русском языке словосочетания и предложения, какие способы существуют для выражения главных и второстепенных членов и на что надо обра щать внимание при употреблении синонимичных предлогов, союзов и союзных слов. Обилие комментариев даёт возможность использовать сборник не только под руководством преподавателя, но и для самостоятельной работы учащихся. Имеются ключи и алфавитный указатель.
Sprog:russisk
Udgivet: 2011
Udgivelse:2-е изд.
Fag:
Format: MixedMaterials Bog
KOHA link:https://koha.lib.tpu.ru/cgi-bin/koha/opac-detail.pl?biblionumber=229314

MARC

LEADER 00000nam2a2200000 4500
001 229314
005 20231101230931.0
010 |a 9785865475200 
035 |a (RuTPU)RU\TPU\book\249916 
035 |a RU\TPU\book\249908 
090 |a 229314 
100 |a 20130110d2011 m y0rusy50 ca 
101 0 |a rus 
102 |a RU 
105 |a y j 000zy 
200 0 |a Ч. 2: Синтаксис 
205 |a 2-е изд. 
210 |d 2011 
215 |a 416 с. 
330 |a Вторая часть пособия «Грамматика русского языка в упражнениях и комментариях» того же автора. Специально разработанные упражнения, представленные в сборнике, помогут учащимся понять, как строятся в русском языке словосочетания и предложения, какие способы существуют для выражения главных и второстепенных членов и на что надо обра щать внимание при употреблении синонимичных предлогов, союзов и союзных слов. Обилие комментариев даёт возможность использовать сборник не только под руководством преподавателя, но и для самостоятельной работы учащихся. Имеются ключи и алфавитный указатель. 
461 1 |0 (RuTPU)RU\TPU\book\251056  |t Грамматика русского языка в упражнениях и комментариях  |o в 2 ч.  |f О. И. Глазунова  |v Ч. 2: Синтаксис  |d 2011-  
606 1 |a Русский язык  |x Учебные руководства и пособия для высшей школы  |2 stltpush  |3 (RuTPU)RU\TPU\subj\26398  |9 50338 
606 1 |a Русский язык  |x Синтаксис, пуктуация  |2 stltpush  |3 (RuTPU)RU\TPU\subj\26388  |9 50328 
610 1 |a грамматика 
610 1 |a синтаксис 
610 1 |a согласование 
610 1 |a предлоги 
610 1 |a простое предложение 
610 1 |a сложное предложение 
610 1 |a упражнения 
686 |a Ш141.2-923.2  |v LBC/SL-A  |2 rubbk 
801 1 |a RU  |b 63413507  |c 20050916  |g PSBO 
801 2 |a RU  |b 63413507  |c 20170628  |g PSBO 
942 |c BK